[Event "DVM U12 2013"]
[Site "Lichtenfels-Schney GER"]
[Date "2013.12.29"]
[Round "6"]
[White "Chernykh, Arkady"]
[Black "Hatko, Julian"]
[Result "1-0"]
[Termination "normal"]
[Board "6.4"]
[WhiteElo "1205"]
[BlackElo "961"]
[WhiteTeam "Karlsruher SF 1853"]
[BlackTeam "Stader SV"]
[WhiteFideId "12989436"]
[BlackFideId "16210280"]
[EventCountry "GER"]
[EventRounds "7"]
[EventType "team-swiss"]
[EventDate "2013.12.26"]

1. d4 d5 2. c4 c6 3. Nc3 Nf6 4. Nf3 Bg4 5. h3 Bxf3 6. exf3 Nbd7 7. Bd3 dxc4 8.
Bxc4 e5 9. dxe5 Nxe5 10. Qxd8+ Rxd8 11. Be2 Bb4 12. O-O O-O 13. Ne4 Nxe4 14.
fxe4 Rd4 15. f3 Bc5 16. Be3 Rd2 17. Bxc5 Rxe2 18. Bxf8 Kxf8 19. Rf2 Rxf2 20.
Kxf2 Nd3+ 21. Ke2 Nxb2 22. Rb1 Nc4 23. Rxb7 a5 24. Rc7 Ne5 25. f4 Ng6 26. g3
Ne7 27. Ra7 g6 28. Rxa5 Kg7 29. a4 Kf6 30. Ra7 Ke6 31. a5 Kd6 32. Rxe7 Kxe7 33.
a6 c5 34. a7 c4 35. a8=Q c3 36. Qa3+ Ke6 37. Qxc3 f5 38. Qe5+ Kf7 39. exf5 Kg8
40. fxg6 hxg6 41. Qe7 Kh8 42. Ke3 g5 43. Ke4 gxf4 44. Kf5 fxg3 45. Kg6 g2 46.
Qg7# 1-0

[Event "DVM U12 2013"]
[Site "Lichtenfels-Schney GER"]
[Date "2013.12.29"]
[Round "6"]
[White "Grimm, Ling Leander"]
[Black "Kölz, Niklas"]
[Result "1-0"]
[Termination "normal"]
[Board "7.1"]
[WhiteElo "1519"]
[BlackElo "1719"]
[WhiteTeam "SK Bebenhausen"]
[BlackTeam "Märkischer Springer Halver-Schalksmühle"]
[WhiteFideId "12968277"]
[BlackFideId "12971758"]
[EventCountry "GER"]
[EventRounds "7"]
[EventType "team-swiss"]
[EventDate "2013.12.26"]

1. c4 e5 2. Nc3 Nc6 3. g3 f5 4. Bg2 Nf6 5. a3 d6 6. d3 Be7 7. Nf3 O-O 8. O-O
Qe8 9. e3 Qh5 10. Nd2 Qg6 11. b4 Nd8 12. f4 exf4 13. exf4 c6 14. Re1 Qf7 15.
Bb2 Bd7 16. Nf3 h6 17. a4 Nh7 18. Qc2 g5 19. Ne2 Ne6 20. Nfd4 Nxd4 21. Bxd4 Bf6
22. Bxf6 Nxf6 23. fxg5 hxg5 24. Qd2 Qg6 25. b5 Rab8 26. Nd4 c5 27. Nf3 Nh7 28.
Re7 Qf6 29. Rae1 Rf7 30. Rxf7 Kxf7 31. Rd1 g4 32. Nh4 Qd4+ 33. Kh1 Qf6 34. Qa5
a6 35. Qc7 Rd8 36. Rf1 Ke8 37. Re1+ Kf8 38. Ng6+ Kg7 39. Nf4 Kg8 40. Bd5+ Kf8
41. Ne6+ Bxe6 42. Rxe6 Qa1+ 43. Kg2 Qb2+ 44. Kf1 Qb1+ 45. Kf2 Qb2+ 46. Re2 Qd4+
47. Kf1 Qa1+ 48. Re1 Qxe1+ 49. Kxe1 Re8+ 50. Kf2 Ng5 51. Qxd6+ Kg7 52. Qd7+ Kf8
53. Qxf5+ Ke7 54. Qxg5+ Kd7 55. Qf5+ Kd8 1-0

[Event "DVM U12 2013"]
[Site "Lichtenfels-Schney GER"]
[Date "2013.12.29"]
[Round "6"]
[White "Browning, Alex"]
[Black "Freiherr von Hauff, Christopher"]
[Result "1-0"]
[Termination "normal"]
[Board "7.2"]
[WhiteElo "1517"]
[BlackElo "1388"]
[WhiteTeam "Märkischer Springer Halver-Schalksmühle"]
[BlackTeam "SK Bebenhausen"]
[WhiteFideId "12984019"]
[BlackFideId "16200691"]
[EventCountry "GER"]
[EventRounds "7"]
[EventType "team-swiss"]
[EventDate "2013.12.26"]

1. e4 c5 2. Nf3 Nc6 3. c3 d6 4. d4 Nf6 5. Nbd2 Bg4 6. Be2 Bxf3 7. Nxf3 cxd4 8.
cxd4 Nxe4 9. d5 Qa5+ 10. Nd2 Nxd2 11. Qxd2 Qxd2+ 12. Bxd2 Ne5 13. O-O g6 14.
Rac1 Kd8 15. Bc3 Bg7 16. f4 Nd3 17. Bxd3 Bxc3 18. Rxc3 Kd7 19. Rfc1 Rab8 20.
Rc7+ Kd8 21. Bb5 Ra8 22. Rxb7 Rc8 23. Rd7+ Ke8 24. Rxc8# 1-0

[Event "DVM U12 2013"]
[Site "Lichtenfels-Schney GER"]
[Date "2013.12.29"]
[Round "6"]
[White "De Rentiis, Davide Luca"]
[Black "Hardt, Silas"]
[Result "0-1"]
[Termination "normal"]
[Board "7.3"]
[WhiteElo "1073"]
[BlackElo "1305"]
[WhiteTeam "SK Bebenhausen"]
[BlackTeam "Märkischer Springer Halver-Schalksmühle"]
[WhiteFideId "12967050"]
[BlackFideId "16200667"]
[EventCountry "GER"]
[EventRounds "7"]
[EventType "team-swiss"]
[EventDate "2013.12.26"]

1. e4 c5 2. d4 cxd4 3. c3 d3 4. Bxd3 Nc6 5. Nf3 g6 6. O-O Bg7 7. Qe2 d6 8. h3
Nf6 9. Rd1 Nd7 10. Be3 O-O 11. Nbd2 Nde5 12. Nxe5 Nxe5 13. Bc2 Bd7 14. Nb3 Nc6
15. Rd2 Qc7 16. Rad1 Be6 17. c4 Ne5 18. c5 dxc5 19. Nxc5 Bc4 20. Bd3 Nxd3 21.
Nxd3 b6 22. Rc2 Rac8 23. Rdc1 Qb7 24. Rxc4 Rcd8 25. Nb4 b5 26. Rc7 Qxe4 27.
Qxb5 Rb8 28. R1c4 Qb1+ 29. Rc1 Qxc1+ 30. Bxc1 Rxb5 31. Nc6 e6 32. b3 Kh8 33.
Rxa7 Rd5 34. Be3 Rd1+ 35. Kh2 h6 36. b4 Rb1 37. a4 Kg8 38. b5 Bc3 39. b6 Kg7
40. a5 Rc8 41. Ne7 Rc4 42. a6 Ra4 43. b7 Rc4 44. Ra8 Ra4 45. a7 Rxb7 46. Nc8
Be5+ 47. g3 Rc4 48. Bf4 Bxf4 49. gxf4 Rxc8 50. Rxc8 Rxa7 51. Kg3 Ra3+ 52. Kg4
Kf6 53. f3 Ra1 54. Rh8 Rg1+ 55. Kh4 h5 56. Rg8 Kf5 57. Rg7 f6 58. Rc7 Kxf4 59.
Rc3 Rh1 60. Rc1 g5+ 61. Kxh5 Rxc1 62. h4 gxh4 63. Kg6 h3 64. Kh5 h2 65. Kh4
h1=Q# 0-1

[Event "DVM U12 2013"]
[Site "Lichtenfels-Schney GER"]
[Date "2013.12.29"]
[Round "6"]
[White "Mantel, Ruben"]
[Black "Dalchow, Jonas"]
[Result "1-0"]
[Termination "normal"]
[Board "8.1"]
[WhiteElo "1645"]
[BlackElo "1443"]
[WhiteTeam "Spvg Zabo-Eintracht Nürnberg"]
[BlackTeam "SC 1997 Lambsheim"]
[WhiteFideId "12930121"]
[BlackFideId "12971251"]
[EventCountry "GER"]
[EventRounds "7"]
[EventType "team-swiss"]
[EventDate "2013.12.26"]

1. e4 e5 2. Bc4 Nf6 3. Nc3 Nc6 4. d3 d6 5. f4 Be7 6. Nf3 Bg4 7. Be3 O-O 8. h3
Bxf3 9. Qxf3 Nd4 10. Bxd4 exd4 11. Ne2 c5 12. g4 Nd7 13. g5 Nb6 14. Bb3 Rc8 15.
O-O-O Kh8 16. h4 g6 17. h5 Kg7 18. hxg6 fxg6 19. Rxh7+ Kxh7 20. Qh3+ Kg7 21.
Qh6# 1-0

[Event "DVM U12 2013"]
[Site "Lichtenfels-Schney GER"]
[Date "2013.12.29"]
[Round "6"]
[White "Wacker, Andreas"]
[Black "Plato, Laurenz"]
[Result "1/2-1/2"]
[Termination "normal"]
[Board "8.2"]
[WhiteElo "1495"]
[BlackElo "1402"]
[WhiteTeam "SC 1997 Lambsheim"]
[BlackTeam "Spvg Zabo-Eintracht Nürnberg"]
[WhiteFideId "12953083"]
[EventCountry "GER"]
[EventRounds "7"]
[EventType "team-swiss"]
[EventDate "2013.12.26"]

1. e4 d5 2. exd5 Qxd5 3. Nc3 Qa5 4. d4 c6 5. Bc4 Nf6 6. Bd2 Qb6 7. Nf3 Bg4 8.
Na4 Qc7 9. Nc5 Nbd7 10. Nd3 e6 11. O-O O-O-O 12. h3 Bh5 13. Nf4 Bg6 14. Ng5 Nb6
15. Nxg6 hxg6 16. Bxe6+ fxe6 17. Nxe6 Qd6 18. Nxd8 Qxd8 19. Ba5 Bd6 20. c4 Bc7
21. b3 Qd6 22. g3 Rxh3 23. Qf3 Qxd4 24. Kg2 Rh5 25. Bc3 Qg4 26. Qxg4+ Nxg4 27.
Rh1 Rf5 28. Raf1 Be5 29. Rh8+ 1/2-1/2

[Event "DVM U12 2013"]
[Site "Lichtenfels-Schney GER"]
[Date "2013.12.29"]
[Round "6"]
[White "Hildermann, Christopher"]
[Black "Mühlpfordt, Thomas"]
[Result "0-1"]
[Termination "normal"]
[Board "8.3"]
[WhiteElo "1028"]
[BlackElo "1120"]
[WhiteTeam "Spvg Zabo-Eintracht Nürnberg"]
[BlackTeam "SC 1997 Lambsheim"]
[BlackFideId "12986623"]
[EventCountry "GER"]
[EventRounds "7"]
[EventType "team-swiss"]
[EventDate "2013.12.26"]

1. e4 e5 2. Nf3 Nc6 3. Nc3 Nf6 4. Bc4 Bc5 5. d3 d6 6. Be3 Bb6 7. O-O Bg4 8. h3
Bh5 9. Bxb6 axb6 10. Qe2 Nd4 11. Qd1 Nxf3+ 12. gxf3 O-O 13. Kg2 Qd7 14. Rg1 Bg6
15. d4 Rfe8 16. d5 Nh5 17. Ne2 f5 18. Qd3 Rf8 19. a3 Rf6 20. b4 Raf8 21. Qe3
fxe4 22. fxe4 Bxe4+ 23. Kf1 Bg6 24. Rg2 Qf7 25. c3 Rf3 26. Qg5 Rxf2+ 27. Kg1
Rxg2+ 28. Qxg2 Qf3 29. Qxf3 Rxf3 30. Kg2 Be4 31. Rf1 Rxc3+ 32. Kg1 Rxc4 33. h4
Bd3 34. Rf2 Bxe2 35. Rxe2 Nf4 36. Re3 Rd4 37. Kf2 Rxd5 38. Kf3 Rd3 39. Rxd3
Nxd3 40. Ke4 Nf4 41. a4 Kf7 42. Ke3 Ke6 43. Kd2 Kd5 44. Kc3 e4 45. a5 bxa5 46.
bxa5 e3 47. Kb4 e2 48. Kb5 e1=Q 49. h5 Qb1+ 50. Ka4 Kc4 51. Ka3 Qb3# 0-1

[Event "DVM U12 2013"]
[Site "Lichtenfels-Schney GER"]
[Date "2013.12.29"]
[Round "6"]
[White "Dalchow, Mario"]
[Black "Hildermann, Richard"]
[Result "1-0"]
[Termination "normal"]
[Board "8.4"]
[WhiteElo "1061"]
[BlackElo "983"]
[WhiteTeam "SC 1997 Lambsheim"]
[BlackTeam "Spvg Zabo-Eintracht Nürnberg"]
[WhiteFideId "12971421"]
[EventCountry "GER"]
[EventRounds "7"]
[EventType "team-swiss"]
[EventDate "2013.12.26"]

1. e4 e5 2. Nf3 Nc6 3. Bb5 d6 4. Nc3 Bd7 5. O-O Nf6 6. d3 Be7 7. Be3 O-O 8. Qe2
a6 9. Bxc6 Bxc6 10. d4 exd4 11. Nxd4 Bxe4 12. Nxe4 Nxe4 13. Qf3 d5 14. Rad1 c6
15. Nb3 Qd6 16. Nd2 f5 17. Nxe4 fxe4 18. Qe2 Qg6 19. c4 dxc4 20. Qxc4+ Rf7 21.
Rd7 Kf8 22. Rxb7 Bf6 23. Rxf7+ Qxf7 24. Qxc6 Qe8 25. Qxe8+ Rxe8 26. b3 Rc8 27.
Rc1 Rd8 28. h3 Be5 29. g3 h6 30. Rc4 Rd1+ 31. Kg2 Bd6 32. Rxe4 a5 33. Rd4 Rxd4
34. Bxd4 Kf7 35. Kf3 g6 36. h4 Ke6 37. Ke4 Bb4 38. Kd3 Kf5 39. Kc4 Be1 40. a3
h5 41. b4 axb4 42. axb4 Ke6 43. b5 Kd6 44. b6 Kc6 45. Be3 Kb7 46. Kd5 Ba5 47.
Ke6 Bxb6 48. Bxb6 Kxb6 49. Kf6 Kc5 50. Kxg6 Kd4 51. f4 Ke4 52. f5 1-0

[Event "DVM U12 2013"]
[Site "Lichtenfels-Schney GER"]
[Date "2013.12.29"]
[Round "6"]
[White "Langenhan, Moritz Benedikt"]
[Black "Riemann, Jonas"]
[Result "0-1"]
[Termination "normal"]
[Board "9.2"]
[WhiteElo "1260"]
[BlackElo "1200"]
[WhiteTeam "SG Blau-Weiß Stadtilm"]
[BlackTeam "SK Bickenbach"]
[WhiteFideId "12976520"]
[BlackFideId "12977462"]
[EventCountry "GER"]
[EventRounds "7"]
[EventType "team-swiss"]
[EventDate "2013.12.26"]

1. e4 e6 2. d4 d5 3. Nc3 Nf6 4. Bd3 Be7 5. e5 Nfd7 6. Nf3 O-O 7. Bd2 c5 8. O-O
Nc6 9. Be3 a6 10. Ne2 Qb6 11. b3 cxd4 12. Nfxd4 Ncxe5 13. Nf5 Qd8 14. Nxe7+
Qxe7 15. Ng3 Nf6 16. c3 Nc6 17. b4 Bd7 18. Bc5 Qd8 19. Bxf8 Qxf8 20. Nh5 Qe7
21. Nxf6+ Qxf6 22. Qc2 h6 23. Rfe1 Re8 24. Re3 e5 25. Rf3 Qe6 26. Bf5 Qd6 27.
Bxd7 Qxd7 28. Rg3 Qe6 29. Re1 Qd6 30. f4 e4 31. f5 Qe5 32. Qe2 Qxf5 33. Rf1 Qe6
34. Qg4 Qxg4 35. Rxg4 Re6 36. Rgf4 Ne5 37. R4f2 f6 38. Rd2 Rd6 39. a4 Nc4 40.
Ra2 Kf7 41. b5 a5 42. Kf2 b6 43. Kg3 g5 44. Rd1 h5 45. h4 g4 46. Rd4 Ke6 47.
Rf2 Ke5 48. Rd1 f5 49. Rdf1 Rf6 50. Rf4 Nb2 51. R4f2 Nc4 52. Rf4 Nb2 53. R4f2
Nxa4 54. Rc2 Nc5 55. c4 d4 56. Rd1 d3 57. Rcd2 f4+ 58. Kf2 e3+ 59. Kf1 exd2 60.
Rxd2 Kd4 0-1

[Event "DVM U12 2013"]
[Site "Lichtenfels-Schney GER"]
[Date "2013.12.29"]
[Round "6"]
[White "Wenzel, Calvin"]
[Black "Mann, Jasmina"]
[Result "1-0"]
[Termination "normal"]
[Board "9.3"]
[WhiteElo "1056"]
[BlackElo "1149"]
[WhiteTeam "SK Bickenbach"]
[BlackTeam "SG Blau-Weiß Stadtilm"]
[WhiteFideId "12973920"]
[BlackFideId "12984434"]
[EventCountry "GER"]
[EventRounds "7"]
[EventType "team-swiss"]
[EventDate "2013.12.26"]

1. e4 d5 2. exd5 Qxd5 3. Nc3 Qa5 4. d4 c6 5. Nf3 Nf6 6. Bd2 Qc7 7. Bc4 Bg4 8.
h3 Bh5 9. Qe2 e6 10. O-O-O Nbd7 11. Rhe1 O-O-O 12. Kb1 Qb6 13. Na4 Qc7 14. Nc3
Nb6 15. g4 Nxc4 16. Qxc4 Bg6 17. Bg5 Be7 18. Bxf6 Bxf6 19. g5 Be7 20. h4 Bh5
21. Rd3 Qf4 22. Ne2 Qc7 23. Ng3 Bg6 24. Rc3 Qa5 25. Re5 Rd5 26. Rxd5 exd5 27.
Qe2 Bd6 28. h5 Be4 29. Nxe4 dxe4 30. Qxe4 Qd8 31. Qg4+ Kb8 32. Rb3 Re8 33. Re3
Re7 34. c3 Bc5 35. Kc2 Bb6 36. Rxe7 Qxe7 37. Kd3 Qd6 38. Qe4 Qd7 39. Ne5 Qe7
40. Nxc6+ bxc6 41. Qxe7 1-0

[Event "DVM U12 2013"]
[Site "Lichtenfels-Schney GER"]
[Date "2013.12.29"]
[Round "6"]
[White "Helm, Stephan"]
[Black "Bär, Leon David"]
[Result "1/2-1/2"]
[Termination "normal"]
[Board "9.4"]
[WhiteElo "1050"]
[BlackElo "1051"]
[WhiteTeam "SG Blau-Weiß Stadtilm"]
[BlackTeam "SK Bickenbach"]
[BlackFideId "16200802"]
[EventCountry "GER"]
[EventRounds "7"]
[EventType "team-swiss"]
[EventDate "2013.12.26"]

1. e4 e5 2. Nf3 Nc6 3. Bc4 Bc5 4. Nc3 Nf6 5. d3 d6 6. Bg5 Be6 7. Bb3 h6 8. Be3
Bxb3 9. axb3 Bxe3 10. fxe3 O-O 11. O-O Ng4 12. Qe2 Nb4 13. Rac1 f5 14. h3 fxe4
15. Nxe4 Nf6 16. c3 Nxe4 17. dxe4 Nc6 18. b4 Qf6 19. Nd2 Qg6 20. b5 Ne7 21.
Qc4+ Rf7 22. Rxf7 Qxf7 23. Qxf7+ Kxf7 24. Rf1+ Kg6 25. g4 a6 26. bxa6 Rxa6 27.
Nf3 Ra2 28. b4 Rc2 29. h4 Rxc3 30. h5+ Kf6 31. Nd4+ Kg5 32. Rf7 g6 33. Rxe7
exd4 34. exd4 Rg3+ 35. Kf2 Rxg4 36. Rxc7 Rxe4 37. Rxb7 Rxd4 38. hxg6 Kxg6 39.
b5 h5 40. Kg3 h4+ 41. Kh3 d5 42. Rd7 Kf6 43. b6 Ke6 44. b7 Rb4 45. Rh7 Rb3+ 46.
Kxh4 d4 47. Rc7 d3 48. Rc3 Rxb7 49. Rxd3 Kf5 50. Rd5+ Kf6 {Ab hier nicht mehr
nachvollziehbar!} 1/2-1/2

[Event "DVM U12 2013"]
[Site "Lichtenfels-Schney GER"]
[Date "2013.12.29"]
[Round "6"]
[White "Klein, Sebastian"]
[Black "Wiemann, Daniel"]
[Result "1/2-1/2"]
[Termination "normal"]
[Board "10.1"]
[WhiteElo "1331"]
[BlackElo "1452"]
[WhiteTeam "SR Spaichingen"]
[BlackTeam "SV Seubelsdorf"]
[WhiteFideId "16200845"]
[BlackFideId "12942944"]
[EventCountry "GER"]
[EventRounds "7"]
[EventType "team-swiss"]
[EventDate "2013.12.26"]

1. c4 e5 2. Nc3 Nf6 3. g3 Nc6 4. Bg2 Bb4 5. a3 Bxc3 6. bxc3 d6 7. d4 e4 8. Bg5
Bf5 9. e3 O-O 10. Ne2 h6 11. Bxf6 Qxf6 12. O-O Rfe8 13. Nf4 Qg5 14. Nd5 Rac8
15. Qa4 a6 16. Nb4 Bd7 17. Nxc6 Bxc6 18. Qc2 f5 19. Rab1 Rb8 20. h4 Qf6 21. Qb3
1/2-1/2

[Event "DVM U12 2013"]
[Site "Lichtenfels-Schney GER"]
[Date "2013.12.29"]
[Round "6"]
[White "Werner, Sebastian"]
[Black "Zetto, Lukas"]
[Result "0-1"]
[Termination "normal"]
[Board "10.2"]
[WhiteElo "1164"]
[BlackElo "1311"]
[WhiteTeam "SV Seubelsdorf"]
[BlackTeam "SR Spaichingen"]
[BlackFideId "16261747"]
[EventCountry "GER"]
[EventRounds "7"]
[EventType "team-swiss"]
[EventDate "2013.12.26"]

1. e4 c6 2. d4 d5 3. exd5 cxd5 4. c4 Nf6 5. Nc3 Bf5 6. Bg5 Nbd7 7. Nf3 Nb6 8.
b3 e6 9. Be2 Be7 10. O-O Ne4 11. Nxe4 Bxe4 12. Bxe7 Qxe7 13. Qd2 Bxf3 14. Bxf3
dxc4 15. bxc4 Nxc4 16. Qc2 Nd6 17. Qa4+ Qd7 18. Qxd7+ Kxd7 19. Rab1 Rab8 20.
Rfc1 Rhc8 21. h3 b6 22. Kh2 Nc4 23. d5 exd5 24. Bg4+ Kd6 25. Bxc8 Rxc8 26. Rb2
Rc5 27. Rbc2 Ne5 28. Kg3 Nd3 29. Rxc5 bxc5 30. Rb1 c4 31. Rb8 c3 32. Rc8 Nc5
33. Rd8+ Ke5 34. Ra8 c2 35. Rxa7 c1=Q 36. a4 Qf4# 0-1

[Event "DVM U12 2013"]
[Site "Lichtenfels-Schney GER"]
[Date "2013.12.29"]
[Round "6"]
[White "Schrägle, Thorsten"]
[Black "Kolb, Verena"]
[Result "1/2-1/2"]
[Termination "normal"]
[Board "10.3"]
[WhiteElo "1271"]
[BlackElo "1286"]
[WhiteTeam "SR Spaichingen"]
[BlackTeam "SV Seubelsdorf"]
[WhiteFideId "16224248"]
[BlackFideId "12992313"]
[EventCountry "GER"]
[EventRounds "7"]
[EventType "team-swiss"]
[EventDate "2013.12.26"]

1. e4 e6 2. d4 d5 3. exd5 exd5 4. Bd3 Nc6 5. c3 Nf6 6. Bg5 Be7 7. Qe2 O-O 8.
Nf3 Re8 9. O-O Bg4 10. h3 Bd6 11. Qd1 Bh5 12. Nbd2 h6 13. Bh4 Bg6 14. Qc2 Bxd3
15. Qxd3 g5 16. Bg3 Ne4 17. Bh2 Qf6 18. Rae1 Bxh2+ 19. Kxh2 Qg6 20. Qb5 Qd6+
21. Kh1 a6 22. Qd3 Qg6 23. c4 Nxd2 24. Qxg6+ fxg6 25. Nxd2 dxc4 26. Nxc4 Nxd4
27. Rd1 Rad8 28. Ne3 Kg7 29. Kh2 Nf5 30. Rde1 Nxe3 31. Rxe3 Rxe3 32. fxe3 Rd2
33. Rc1 c6 34. b4 h5 35. a4 Kh6 36. Rc4 Rd6 37. a5 Re6 38. e4 Re5 39. Kg3 Kg7
40. Kf3 Kf6 41. g4 Rb5 42. Ke3 Ke5 43. Kf3 Kd6 44. Ke3 b6 45. axb6 Rxb6 46.
Rd4+ Ke6 47. Kd3 Rb5 48. Rc4 Kd6 49. Kd4 a5 50. bxa5 Rxa5 51. Rc3 Ra4+ 52. Ke3
c5 53. Rd3+ Kc6 54. Rc3 Rb4 55. Kd3 Rd4+ 56. Ke3 Kd6 57. Ra3 Ke5 58. Ra5 Rxe4+
59. Kd3 Rd4+ 60. Ke3 Rc4 61. Kd3 Kd5 62. Ra6 hxg4 63. Rxg6 Rd4+ 64. Kc3 gxh3
65. Rxg5+ Kc6 66. Rh5 Ra4 67. Kb3 Rb4+ 68. Kc3 Ra4 69. Kb3 Kb5 70. Rxh3 c4+ 71.
Kb2 Kb4 72. Rh4 Ra3 73. Rxc4+ Kxc4 74. Kxa3 1/2-1/2

[Event "DVM U12 2013"]
[Site "Lichtenfels-Schney GER"]
[Date "2013.12.29"]
[Round "6"]
[White "Wiemann, Vanessa"]
[Black "Hengstler, Lukas"]
[Result "0-1"]
[Termination "normal"]
[Board "10.4"]
[WhiteElo "977"]
[BlackElo "1014"]
[WhiteTeam "SV Seubelsdorf"]
[BlackTeam "SR Spaichingen"]
[WhiteFideId "12942987"]
[BlackFideId "16232763"]
[EventCountry "GER"]
[EventRounds "7"]
[EventType "team-swiss"]
[EventDate "2013.12.26"]

1. e4 e5 2. Nf3 Nc6 3. Bc4 Bc5 4. c3 Nf6 5. d4 exd4 6. cxd4 Bb4+ 7. Bd2 Bxd2+
8. Nbxd2 d5 9. e5 dxc4 10. exf6 Qxf6 11. Nxc4 Qe6+ 12. Ne3 Qe4 13. O-O Bg4 14.
h3 Bxf3 15. Qxf3 Qxf3 16. gxf3 Nxd4 17. Kg2 O-O-O 18. Rac1 Ne2 19. Rc4 Nd4 20.
Rfc1 c6 21. b4 b5 22. Rc5 Kb7 23. Kf1 Rc8 24. Kg2 Rhe8 25. Rd1 Ne6 26. Rd7+ Rc7
27. Rxc7+ Kxc7 28. Rc1 Nf4+ 29. Kh2 Nd3 30. Rf1 Nxf2 31. Rxf2 Rxe3 32. f4 Re4
33. a3 Re3 34. Ra2 Rf3 35. Re2 Rxf4 36. Re7+ Kb6 37. Kg3 Rf6 38. Kg4 Rg6+ 39.
Kh4 f5 40. Rf7 Rh6+ 41. Kg3 g6 42. h4 Rh5 43. Rf6 g5 44. Rxf5 gxh4+ 45. Kg4
Rxf5 46. Kxf5 h3 47. Kg4 h2 48. Kg3 h1=Q 49. Kf4 Qh5 50. Ke4 c5 51. bxc5+ Kxc5
52. Ke3 Kc4 53. Ke4 Qe8+ 54. Kf4 Kd4 55. Kf3 Qe3+ 56. Kg2 Ke4 57. Kf1 Kf3 58.
a4 Qf2# 0-1